Shāk̲h̲-i tabassum : (Record no. 329866)
[ view plain ]
| 000 -LEADER | |
|---|---|
| fixed length control field | 01632cam a2200361 i 4500 |
| 001 - CONTROL NUMBER | |
| control field | 18686625 |
| 003 - CONTROL NUMBER IDENTIFIER | |
| control field | NUST |
| 005 - DATE AND TIME OF LATEST TRANSACTION | |
| control field | 20170622113508.0 |
| 008 - FIXED-LENGTH DATA ELEMENTS--GENERAL INFORMATION | |
| fixed length control field | 150706s2012 pk b 000 0 urd |
| 010 ## - LIBRARY OF CONGRESS CONTROL NUMBER | |
| LC control number | 2015327382 |
| 020 ## - INTERNATIONAL STANDARD BOOK NUMBER | |
| International Standard Book Number | 9694961262 |
| 040 ## - CATALOGING SOURCE | |
| Original cataloging agency | DLC |
| Language of cataloging | eng |
| Description conventions | rda |
| Transcribing agency | DLC |
| 042 ## - AUTHENTICATION CODE | |
| Authentication code | lcode |
| 050 00 - LIBRARY OF CONGRESS CALL NUMBER | |
| Classification number | PK2170 |
| Item number | .M377 2012 |
| 066 ## - CHARACTER SETS PRESENT | |
| Alternate G0 or G1 character set | (3 |
| -- | (4 |
| 082 ## - DEWEY DECIMAL CLASSIFICATION NUMBER | |
| Classification number | 891.4391 |
| Author Mark | MAS |
| 100 1# - MAIN ENTRY--PERSONAL NAME | |
| Linkage | 880-01 |
| Personal name | Masʻūd, Anvar, |
| Dates associated with a name | 1935- |
| 9 (RLIN) | 1445 |
| 245 10 - TITLE STATEMENT | |
| Linkage | 880-02 |
| Title | Shāk̲h̲-i tabassum : |
| Remainder of title | mizāḥiyah shāʻirī kā sanjīdah mut̤ālaʻah (maʻa intik̲h̲āb) / |
| Statement of responsibility, etc. | Anvar Masʻūd. |
| 264 #1 - PRODUCTION, PUBLICATION, DISTRIBUTION, MANUFACTURE, AND COPYRIGHT NOTICE | |
| Linkage | 880-03 |
| Place of production, publication, distribution, manufacture | Islāmʹābād : |
| Name of producer, publisher, distributor, manufacturer | Dost Pablīkeshanz, |
| Date of production, publication, distribution, manufacture, or copyright notice | 2012. |
| 300 ## - PHYSICAL DESCRIPTION | |
| Extent | 298 pages ; |
| Dimensions | 23 cm |
| 336 ## - CONTENT TYPE | |
| Content type term | text |
| Content type code | txt |
| Source | rdacontent |
| 337 ## - MEDIA TYPE | |
| Media type term | unmediated |
| Media type code | n |
| Source | rdamedia |
| 338 ## - CARRIER TYPE | |
| Carrier type term | volume |
| Carrier type code | nc |
| Source | rdacarrier |
| 504 ## - BIBLIOGRAPHY, ETC. NOTE | |
| Bibliography, etc. note | Includes bibliographical references. |
| 520 ## - SUMMARY, ETC. | |
| Summary, etc. | Critical study of 20th century Urdu humorous poetry; includes a collection of 20th century Urdu humorous poetry. |
| 546 ## - LANGUAGE NOTE | |
| Language note | In Urdu. |
| 650 #0 - SUBJECT ADDED ENTRY--TOPICAL TERM | |
| Topical term or geographic name entry element | Humorous poetry, Urdu |
| Chronological subdivision | 20th century |
| General subdivision | History and criticism. |
| 9 (RLIN) | 1451 |
| 650 #0 - SUBJECT ADDED ENTRY--TOPICAL TERM | |
| Topical term or geographic name entry element | Humorous poetry, Urdu |
| Chronological subdivision | 20th century. |
| 9 (RLIN) | 1452 |
| 880 1# - ALTERNATE GRAPHIC REPRESENTATION | |
| Linkage | 100-01/(3/r |
| Title | مسعود، انور، |
| d | 1935- |
| 880 10 - ALTERNATE GRAPHIC REPRESENTATION | |
| Linkage | 245-02/(3/r |
| Title | شاخ تبسّم : |
| b | مزاحيه شاعرى کا سنجيده مطالعه (مع انتخاب) / |
| c | انور مسعود. |
| 880 #1 - ALTERNATE GRAPHIC REPRESENTATION | |
| Linkage | 264-03/(3/r |
| Title | اسلامآباد : |
| b | دوست پبليکيشنز، |
| c | 2012. |
| 906 ## - LOCAL DATA ELEMENT F, LDF (RLIN) | |
| a | 7 |
| b | cbc |
| c | origode |
| d | 3 |
| e | ncip |
| f | 20 |
| g | y-nonroman |
| 942 ## - ADDED ENTRY ELEMENTS (KOHA) | |
| Source of classification or shelving scheme | |
| Koha item type | Book |
| Withdrawn status | Lost status | Source of classification or shelving scheme | Damaged status | Not for loan | Permanent Location | Current Location | Shelving location | Date acquired | Total Checkouts | Full call number | Barcode | Date last seen | Date last checked out | Copy number | Price effective from | Koha item type |
|---|---|---|---|---|---|---|---|---|---|---|---|---|---|---|---|---|
| Central Library (CL) | Central Library (CL) | Fiction | 05/26/2017 | 2 | 891.4391 MAS | CL1795 | 02/04/2021 | 02/03/2021 | 1 | 05/26/2017 | Book |
